Motivace pracovníků k výkonu a zdokonalování činnosti ve státní správě

Saved in:
Bibliographic Details
Main Author: Horčicová, Alena
Other Authors: Polednová, Zděnka
Format: Book
Language:Czech
Published: Praha Ústav státní správy 1987
Edition:1. vyd.
Tags: Add Tag
No Tags, Be the first to tag this record!

MARC

LEADER 00000nam a2200000 4500
001 c026408
005 20250219084245.9
041 0 |a cze 
044 |a CZ 
245 1 0 |a Motivace pracovníků k výkonu a zdokonalování činnosti ve státní správě  |c Alena Horčicová, Z. Polednová 
250 |a 1. vyd. 
264 1 |a Praha  |b Ústav státní správy  |c 1987 
300 |a 115 s. 
100 1 |a Horčicová, Alena 
700 1 |a Polednová, Zděnka